00205nam a2200085Ia 4500008004100000020001800041082001200059100002500071245002300096220630s9999 xx 000 0 und d a0-7981-1474-6 aAF MEIR aMeiring, Stephanie  0aRUITER IN DIE WIND